000 00478nam a2200181Ia 4500
003 GCL
008 140319s9999 xx 000 0 ara d
040 _aGCL /
_cGCL
082 0 4 _a909.04924
_bز م
100 1 _aزكى شنودة
245 1 0 _aالمجتمع اليهودى /
_cزكى شنودة
260 _a[S.N] :
_bمكتبة الخانجى
300 _a581 ص
490 _a
650 0 4 _aاليهود
650 0 4 _aالمجتمع اليهودى
942 _2ddc
_cBK
999 _c36850
_d36850